Statistics for Asterix Countries Visited Map

Click here to take the quiz!

General Stats

  • This quiz has been taken 1,550 times
    (112 since last reset)
  • The average score is 17 of 18

Answers on the Map

Answers color-coded by a green-red scale on the quiz's map according to % correct below.
 

Answer Stats

Countries% Correct
France
99%
United States
99%
India
97%
Italy
97%
Spain
97%
United Kingdom
97%
Norway
96%
Egypt
95%
Greece
95%
Belgium
94%
Germany
94%
Israel
92%
Ukraine
92%
Iran
91%
Iraq
89%
Switzerland
89%
Tunisia
89%
Lebanon
88%

Score Distribution

Percentile by Number Answered

Percent of People with Each Score

Your Score History

You have not taken this quiz since the last reset